书目信息 |
| 题名: |
纤维鉴别与面料分析
|
|
| 作者: | 蔡苏英 , 陶丽珍 主编 | |
| 分册: | ||
| 出版信息: | 北京 化学工业出版社 2014 |
|
| 页数: | 158页 | |
| 开本: | 26cm | |
| 丛书名: | ||
| 单 册: | ||
| 中图分类: | TS101.92 | |
| 科图分类: | ||
| 主题词: | 纤维--定性分析--高等职业教育--教材 , 纤维 , 定性分析 | |
| 电子资源: | ||
| ISBN: | 978-7-122-18872-4 | |
| 000 | 00963nam0 2200277 450 | |
| 001 | 012015000545 | |
| 005 | 20150911084042.50 | |
| 010 | @a978-7-122-18872-4@dCNY29.00 | |
| 100 | @a20140429d2014 em y0chiy50 ea | |
| 101 | 0 | @achi |
| 102 | @aCN@b110000 | |
| 105 | @aa z 000yy | |
| 106 | @ar | |
| 200 | 1 | @a纤维鉴别与面料分析@Axian wei jian bie yu mian liao fen xi@f蔡苏英,陶丽珍主编 |
| 210 | @a北京@c化学工业出版社@d2014 | |
| 215 | @a158页@c图@d26cm | |
| 300 | @a高职高专“十二五”部委级规划教材 | |
| 330 | @a本书介绍各类纺织品的风格特征与识别技巧,产品规格表征、单位计算与参数分析,各类纤维的鉴别和分析,画料定性与定量分析方法原理、实用技术,纺织产品性能测试方法及影响因素等。 | |
| 606 | 0 | @a纤维@x定性分析@x高等职业教育@j教材 |
| 606 | 0 | @a纤维 |
| 606 | 0 | @a定性分析 |
| 690 | @aTS101.92@v5 | |
| 701 | 0 | @a蔡苏英@Acai su ying@4主编 |
| 701 | 0 | @a陶丽珍@Atao li zhen@4主编 |
| 801 | 0 | @aCN@b碧洲教育@c20150716 |
| 905 | @a10447@f3@dTS101.92@e12 | |
| 纤维鉴别与面料分析/蔡苏英,陶丽珍主编.-北京:化学工业出版社,2014 |
| 158页:图;26cm |
| 高职高专“十二五”部委级规划教材 |
| ISBN 978-7-122-18872-4:CNY29.00 |
| 本书介绍各类纺织品的风格特征与识别技巧,产品规格表征、单位计算与参数分析,各类纤维的鉴别和分析,画料定性与定量分析方法原理、实用技术,纺织产品性能测试方法及影响因素等。 |
| ● |
| 相关链接 |
|
|
|
|
正题名:纤维鉴别与面料分析
索取号:TS101.92/12
 
预约/预借
| 序号 | 登录号 | 条形码 | 馆藏地/架位号 | 状态 | 备注 |
| 1 | 0848963 | 208489633 | 第二样本阅览室/ [索取号:TS101.92/12] | 在馆 | |
| 2 | 0848964 | 208489642 | 第三借阅区/ [索取号:TS101.92/12] | 在馆 | |
| 3 | 0848965 | 208489651 | 密集书库-生命科学系/ [索取号:TS101.92/12] | 在馆 |